Etudes sur les villes du Proche-Orient : XVIe-XIXe siècle /

محفوظ في:

المؤلف الرئيسي: Raymond, André (مؤلف)

مؤلف مشترك: Institut français de Damas.

مؤلفون آخرون: Marino, Brigitte.

التنسيق: كتاب

اللغة: French

منشور في: Damas : Institut français d'études arabes de Damas, 2001.

سلاسل: PIFD ; 188.

الموضوعات:

الوسوم: إضافة وسم

لا توجد وسوم, كن أول من يضع وسما على هذه التسجيلة!

رقم الطلب: HT147 .M53 R39 2001

LEADER 01204nam a22003497a 4500
003 OSt
005 20250827092830.0
008 270303s2001 sy ab g b 010 0 fre d
010 |a 2002333831 
020 |a 2901315658 
040 |c ARCE Library 
043 |a aw----- 
050 1 4 |a HT147 .M53   |b R39 2001 
100 1 |a Raymond, André,   |e author 
245 1 0 |a Etudes sur les villes du Proche-Orient :   |b XVIe-XIXe siècle /   |c hommage à André Raymond. 
264 1 |a Damas :   |b Institut français d'études arabes de Damas,   |c 2001. 
300 |a 274 pages :   |b illustrations, maps (some folded) ;   |c 24 cm. 
490 1 |a PIFD ;   |v 188. 
500 |a OCLC 470085536 
504 |a Includes bibliographical references. 
650 0 |a Cities and towns  |z Middle East  |x History. 
650 0 |a Islamic cities and towns  |z Middle East  |x History. 
651 0 |a Middle East  |x Economic conditions. 
651 0 |a Middle East  |x Social conditions. 
651 0 |a Turkey  |x History  |y Ottoman Empire, 1288-1918. 
651 0 |a Turkey   |x Politics and government. 
700 1 |a Marino, Brigitte. 
710 2 |a Institut français de Damas. 
830 0 |a PIFD ;   |v 188. 
901 |a reviewed 
942 |c BK  |2 lcc 
999 |c 22108  |d 22108